000
00284nam a2200121Ia 4500
008
190216s9999||||xx |||||||||||||| ||und||
100
_a
Kurup Kg
245
0
_a
Delhi Muthal Helcinki Verre
260
_b
Current Books
_c
1987
300
_a
144p
650
_a
Indian History
942
_c
BK
999
_c
18590
_d
18590